Sequential Analysis : (Record no. 11273)
[ view plain ]
| 000 -LEADER | |
|---|---|
| fixed length control field | 01352pam a2200337 a 4500 |
| 001 - CONTROL NUMBER | |
| control field | 3857625 |
| 005 - DATE AND TIME OF LATEST TRANSACTION | |
| control field | 20020824181632.0 |
| 008 - FIXED-LENGTH DATA ELEMENTS--GENERAL INFORMATION | |
| fixed length control field | 881114s1990 enka b 001 0 eng |
| 010 ## - LIBRARY OF CONGRESS CONTROL NUMBER | |
| LC control number | 88038900 |
| 020 ## - INTERNATIONAL STANDARD BOOK NUMBER | |
| International Standard Book Number | 0521346657 |
| 020 ## - INTERNATIONAL STANDARD BOOK NUMBER | |
| International Standard Book Number | 0521067316 |
| 020 ## - INTERNATIONAL STANDARD BOOK NUMBER | |
| International Standard Book Number | 9780521346658 (hardback) |
| 020 ## - INTERNATIONAL STANDARD BOOK NUMBER | |
| International Standard Book Number | 9780521067317 (paperback) |
| 040 ## - CATALOGING SOURCE | |
| Original cataloging agency | DLC |
| Transcribing agency | DLC |
| Modifying agency | DLC |
| 050 00 - LIBRARY OF CONGRESS CALL NUMBER | |
| Classification number | HM251 |
| Item number | .G695 1990 |
| 082 00 - DEWEY DECIMAL CLASSIFICATION NUMBER | |
| Classification number | 302.018 |
| Edition number | 19 |
| Item number | GOT |
| 100 1# - MAIN ENTRY--PERSONAL NAME | |
| Personal name | Gottman, John Mordechai. |
| 9 (RLIN) | 3563 |
| 245 10 - TITLE STATEMENT | |
| Title | Sequential Analysis : |
| Remainder of title | A Guide for Behavioral Researchers / |
| Statement of responsibility, etc | John Mordechai Gottman, Anup Kumar Roy. |
| 260 ## - PUBLICATION, DISTRIBUTION, ETC. (IMPRINT) | |
| Place of publication, distribution, etc | Cambridge [England] ; |
| -- | New York : |
| Name of publisher, distributor, etc | Cambridge University Press, |
| Date of publication, distribution, etc | c1990. |
| 300 ## - PHYSICAL DESCRIPTION | |
| Extent | ix, 275 p. : |
| Other physical details | ill. ; |
| Dimensions | 24 cm. |
| 500 ## - GENERAL NOTE | |
| General note | Includes indexes. |
| 504 ## - BIBLIOGRAPHY, ETC. NOTE | |
| Bibliography, etc | Bibliography: p. [251]-264. |
| 650 #0 - SUBJECT ADDED ENTRY--TOPICAL TERM | |
| Topical term or geographic name as entry element | Social psychology |
| General subdivision | Methodology. |
| 9 (RLIN) | 3564 |
| 650 #0 - SUBJECT ADDED ENTRY--TOPICAL TERM | |
| Topical term or geographic name as entry element | Sequential analysis. |
| 9 (RLIN) | 3565 |
| 650 #0 - SUBJECT ADDED ENTRY--TOPICAL TERM | |
| Topical term or geographic name as entry element | Social interaction |
| General subdivision | Statistical methods. |
| 9 (RLIN) | 3566 |
| 700 1# - ADDED ENTRY--PERSONAL NAME | |
| Personal name | Roy, Anup Kumar. |
| 9 (RLIN) | 3567 |
| 856 42 - ELECTRONIC LOCATION AND ACCESS | |
| Materials specified | Publisher description |
| Uniform Resource Identifier | <a href="http://www.loc.gov/catdir/description/cam023/88038900.html">http://www.loc.gov/catdir/description/cam023/88038900.html</a> |
| 856 41 - ELECTRONIC LOCATION AND ACCESS | |
| Materials specified | Table of contents |
| Uniform Resource Identifier | <a href="http://www.loc.gov/catdir/toc/cam028/88038900.html">http://www.loc.gov/catdir/toc/cam028/88038900.html</a> |
| 942 ## - ADDED ENTRY ELEMENTS (KOHA) | |
| Source of classification or shelving scheme | Dewey Decimal Classification |
| Item type | Book - Borrowing |
| Withdrawn status | Item status | Source of classification or shelving scheme | Damaged status | Not for loan | Vendor | Home library | Current library | Shelving location | Date acquired | Source of acquisition | Cost, normal purchase price | Serial Enumeration / chronology | Total Checkouts | Full call number | Barcode | Date last seen | Date last borrowed | Koha item type |
|---|---|---|---|---|---|---|---|---|---|---|---|---|---|---|---|---|---|---|
| Dewey Decimal Classification | Baccah | Central Library | Central Library | First floor | 09/04/2009 | 291.20 | 7117 | 1 | 302.018 GOT | 000015881 | 15/07/2025 | 13/11/2013 | Book - Borrowing |